The magic medium : an introduction to radio in America /

Bibliographic Details
Main Author: Whetmore, Edward Jay
Format: Book
Language:English
Published: Belmont, Calif. : Wadsworth, [1981]
Subjects:

MARC

Tag First Indicator Second Indicator Subfields
LEADER 00000pam a2200000 a 4500
001 in00000075139
005 20151008060322.0
008 800808s1981 caua b 00110 engm
010 |a  80020871  
020 |a 0534009220 
035 |a (OCoLC)06648812 
035 |9 AAJ5541AM 
040 |a DLC  |c DLC  |d m.c.  |d TXA  |d UtOrBLW 
043 |a n-us--- 
049 |a TXAM  |c [1442810] 
050 0 0 |a PN1991.3.U6  |b W48 
082 0 |a 384.54/0973  |2 19 
100 1 |a Whetmore, Edward Jay. 
245 1 4 |a The magic medium :  |b an introduction to radio in America /  |c Edward Jay Whetmore. 
264 1 |a Belmont, Calif. :  |b Wadsworth,  |c [1981] 
264 4 |c ©1981 
300 |a viii, 246 pages :  |b illustrations ;  |c 24 cm. 
336 |a text  |b txt  |2 rdacontent 
337 |a unmediated  |b n  |2 rdamedia 
338 |a volume  |b nc  |2 rdacarrier 
504 |a Includes bibliographical references and index. 
650 0 |a Radio broadcasting  |z United States. 
999 |a MARS 
999 f f |s 4b82306f-6447-3e9a-b6a2-4151105fc858  |i e1be3930-0b17-347e-91b1-b240af1a8f12  |t 0 
952 f f |p ric  |a Texas A&M University  |b Rellis Campus  |c Joint Library Facility  |d Remote Storage  |t 0  |e PN1991.3.U6 W48  |h Library of Congress classification  |i unmediated -- volume  |m A14806177658 
998 f f |a PN1991.3.U6 W48  |t 0  |l Remote Storage